000 00620 a2200241 4500
001 107699
003 OSt
005 20240408151152.0
008 240408b |||||||| |||| 00| 0 POR d
020 _a9788566033007
040 _aBR-BrIDEA
_cBR-BrIDEA
041 _apor
082 _a028.5
090 _aYear 2 028
_bRIB
100 _aRibeiro, Jonas
_d1970
245 1 0 _aO homem mais rico da cidade
_cJonas Ribeiro
250 _a3. ed.
260 _aBrasília
_bMais Ativos Educação Financeira
_c2014
300 _a24 p.
697 _aLiteratura infantil.
856 _u000014/000014a4.jpg
942 _cBK
_2udc
999 _c107699
_d107699